000 00876nam a2200229Ii 4500
003 JO-AjNU
008 230605s9999||||xx |||||||||||||| ||und||
017 _a1998/16461
020 _a977-2541-81-2
040 _aJO-AjNU
_bara
_erda
_cJO-AjNU
041 _aara
050 1 4 _aGV714.S5234 1999
100 3 _aالشافعي، حسن أحمد، م.مشارك موسى، سوزان أحمد,
_eauthor
_935759
245 0 0 _aالعلاقات العامة في التربية البدنية والرياضية
250 _aط1
264 3 1 _aالاسكندرية: مكتبة ومطبعة الاشعاع الفنية، 1999
300 _a484ص
336 _atext
_btxt
_2rdacontent
337 _aunmediated
_bn
_2rdamedia
338 _avolume
_bnc
_2rdacarrier
650 4 _aالبربية البدنية - التربية الرياضية - العلاقات العامة
_935760
999 _aA14794
_c18362
_d18362